Statystyki dla Wypełnij mapę Europy zgadując kolory flag

Kliknij tutaj aby rozwiązać quiz!

Ogólne statystyki

  • Ten quiz został rozwiązany 5 004 razy
  • Średni wynik to 92 z 142

Odpowiedzi na mapie

Odpowiedzi skodowane kolorowo w zielono-czerwonej skali na mapie do tego quizu, zgodnie z poniższymi procentami.
 

Statystyki odpowiedzi

CountryColor% Poprawnych
RosjaBiały
98%
RosjaCzerwony
96%
RosjaNiebieski
96%
FrancjaBiały
94%
FrancjaCzerwony
94%
FrancjaNiebieski
94%
NiemcyCzarny
93%
WłochyBiały
92%
WłochyCzerwony
92%
NiemcyCzerwony
92%
WłochyZielony
92%
NiemcyZłoty
92%
PolskaBiały
91%
PolskaCzerwony
91%
UkrainaNiebieski
90%
UkrainaŻółty
90%
CzechyBiały
87%
BelgiaCzarny
87%
CzechyCzerwony
87%
CzechyNiebieski
87%
BelgiaŻółty
87%
BelgiaCzerwony
86%
AustriaBiały
85%
AustriaCzerwony
85%
SzwajcariaBiały
84%
SzwajcariaCzerwony
84%
HolandiaBiały
83%
WęgryBiały
82%
WęgryCzerwony
82%
HolandiaCzerwony
82%
HolandiaNiebieski
82%
GrecjaBiały
81%
Wielka BrytaniaBiały
81%
Wielka BrytaniaCzerwony
81%
GrecjaNiebieski
81%
Wielka BrytaniaNiebieski
81%
WęgryZielony
81%
IrlandiaBiały
80%
IrlandiaZielony
80%
FinlandiaBiały
79%
FinlandiaNiebieski
79%
DaniaBiały
78%
NorwegiaBiały
78%
DaniaCzerwony
78%
NorwegiaCzerwony
78%
RumuniaCzerwony
78%
SzwecjaNiebieski
78%
NorwegiaNiebieski
78%
RumuniaNiebieski
78%
EstoniaNiebieski
78%
IrlandiaPomarańczowy
78%
SzwecjaŻółty
78%
RumuniaŻółty
78%
ŁotwaBiały
77%
EstoniaBiały
77%
BułgariaBiały
77%
EstoniaCzarny
77%
ŁotwaKarminowy
77%
IslandiaBiały
76%
BiałoruśCzerwony
76%
BułgariaCzerwony
76%
IslandiaCzerwony
76%
IslandiaNiebieski
76%
BułgariaZielony
76%
LitwaŻółty
76%
LitwaCzerwony
75%
LitwaZielony
75%
BiałoruśZielony
75%
SłowacjaBiały
74%
BiałoruśBiały
74%
AlbaniaCzarny
73%
AlbaniaCzerwony
73%
SłowacjaCzerwony
73%
SłowacjaNiebieski
73%
LuksemburgBiały
72%
LuksemburgCzerwony
72%
Macedonia
Północna
Czerwony
72%
Macedonia
Północna
Żółty
72%
LuksemburgJasnoniebieski
71%
Bośnia i
Hercegowina
Niebieski
71%
Bośnia i
Hercegowina
Żółty
70%
Bośnia i
Hercegowina
Biały
69%
KosowoNiebieski
69%
CzarnogóraCzerwony
68%
KosowoZłoty
68%
KosowoBiały
67%
SłoweniaBiały
67%
SłoweniaCzerwony
67%
SłoweniaNiebieski
67%
ChorwacjaCzerwony
65%
ChorwacjaBiały
64%
ChorwacjaNiebieski
64%
CzarnogóraZłoty
64%
CzarnogóraNiebieski
57%
SłoweniaŻółty
57%
HiszpaniaCzerwony
55%
HiszpaniaŻółty
55%
SerbiaCzerwony
53%
SerbiaNiebieski
53%
SerbiaBiały
52%
CzarnogóraZielony
51%
PortugaliaCzerwony
47%
MołdawiaNiebieski
47%
PortugaliaZielony
47%
MołdawiaCzerwony
46%
MołdawiaŻółty
46%
MonakoBiały
43%
MaltaBiały
43%
MonakoCzerwony
43%
MaltaCzerwony
43%
WatykanŻółty
41%
San MarinoBiały
40%
WatykanBiały
40%
SerbiaZłoty
40%
PortugaliaŻółty
40%
ChorwacjaŻółty
40%
San MarinoJasnoniebieski
39%
HiszpaniaZłoty
38%
PortugaliaBiały
36%
ChorwacjaCzarny
36%
AndoraCzerwony
36%
LiechtensteinNiebieski
36%
LiechtensteinCzerwony
35%
AndoraNiebieski
34%
AndoraŻółty
34%
ChorwacjaJasnoniebieski
33%
LiechtensteinŻółty
33%
PortugaliaNiebieski
31%
MołdawiaBrązowy
27%
MołdawiaZielony
26%
San MarinoŻółty
26%
HiszpaniaNiebieski
25%
San MarinoZielony
25%
AndoraBrązowy
24%
HiszpaniaBeżowy
23%
HiszpaniaCzerwony
(ciemny)
22%
HiszpaniaSzary
22%
HiszpaniaZielony
22%
WatykanCzerwony
20%
HiszpaniaRóżowy
18%
WatykanSzary
18%
HiszpaniaBiały
17%

Rozkład punktacji

Percentyl według liczby udzielonych odpowiedzi

Procent ludzi z każdym wynikiem

Twoja historia wyników

Nie rozwiązałeś tego quizu